Local Jet Bundle Formulation of Backlund Transformations (Record no. 530878)

000 -LEADER
fixed length control field 00415nam a2200133Ia 4500
008 - FIXED-LENGTH DATA ELEMENTS--GENERAL INFORMATION
fixed length control field 191014s9999 xx 000 0 und d
020 ## - INTERNATIONAL STANDARD BOOK NUMBER
International Standard Book Number 90-277-1036-8
082 ## - DEWEY DECIMAL CLASSIFICATION NUMBER
Classification number 515.353
Author Mark PIR
100 ## - MAIN ENTRY--PERSONAL NAME
Personal name F.A.E.Pirani,D.C.Robinson and W.F.Shadwick
9 (RLIN) 20307
245 #0 - TITLE STATEMENT
Title Local Jet Bundle Formulation of Backlund Transformations
260 ## - PUBLICATION, DISTRIBUTION, ETC.
Place of publication, distribution, etc. Holland
Name of publisher, distributor, etc. D.Reidel Publiching Company
Date of publication, distribution, etc. 1979
300 ## - PHYSICAL DESCRIPTION
Extent Viii,132
942 ## - ADDED ENTRY ELEMENTS (KOHA)
Koha item type Book
Holdings
Withdrawn status Lost status Damaged status Not for loan Permanent Location Current Location Date acquired Source of acquisition Cost, normal purchase price Total Checkouts Full call number Barcode Date last seen Price effective from Koha item type
        School of Natural Sciences (SNS) School of Natural Sciences (SNS) 10/15/2019 Donation 0.00   515.353PIR SNS0002655 10/15/2019 10/15/2019 Book
© 2023 Central Library, National University of Sciences and Technology. All Rights Reserved.